00278nam a2200109Ia 4500003000400000008004100004100001700045245004100062260003900103300000800142650001800150OSt191201s2014 xx 000 0 und d aQUINN, Jason 0aGandhi Mera Jivan Hee Mera Sandesh  bKALYANI NAVYUG MEDIA PVT LTDc2014 a205 aGeneral Books